<?xml version="1.0" encoding="UTF-8"?><?xml-stylesheet type="text/xsl" href="static/style.xsl"?><OAI-PMH xmlns="http://www.openarchives.org/OAI/2.0/" xmlns:xsi="http://www.w3.org/2001/XMLSchema-instance" xsi:schemaLocation="http://www.openarchives.org/OAI/2.0/ http://www.openarchives.org/OAI/2.0/OAI-PMH.xsd"><responseDate>2026-06-01T04:36:15Z</responseDate><request verb="GetRecord" identifier="oai:riuma.uma.es:10630/24649" metadataPrefix="marc">https://riuma.uma.es/rest/oai/request</request><GetRecord><record><header><identifier>oai:riuma.uma.es:10630/24649</identifier><datestamp>2026-02-03T11:00:02Z</datestamp><setSpec>com_10630_2254</setSpec><setSpec>col_10630_37953</setSpec></header><metadata><record xmlns="http://www.loc.gov/MARC21/slim" xmlns:dcterms="http://purl.org/dc/terms/" xmlns:doc="http://www.lyncode.com/xoai" xmlns:xsi="http://www.w3.org/2001/XMLSchema-instance" xsi:schemaLocation="http://www.loc.gov/MARC21/slim http://www.loc.gov/standards/marcxml/schema/MARC21slim.xsd">
   <leader>00925njm 22002777a 4500</leader>
   <datafield ind2=" " ind1=" " tag="042">
      <subfield code="a">dc</subfield>
   </datafield>
   <datafield ind2=" " ind1=" " tag="720">
      <subfield code="a">Martínez-Perales, Javier Cecilio</subfield>
      <subfield code="e">author</subfield>
   </datafield>
   <datafield ind2=" " ind1=" " tag="720">
      <subfield code="a">Rela, Ezequiel</subfield>
      <subfield code="e">author</subfield>
   </datafield>
   <datafield ind2=" " ind1=" " tag="720">
      <subfield code="a">Rivera Ríos, Israel P.</subfield>
      <subfield code="e">author</subfield>
   </datafield>
   <datafield ind2=" " ind1=" " tag="260">
      <subfield code="c">2022-06-07</subfield>
   </datafield>
   <datafield ind2=" " ind1=" " tag="520">
      <subfield code="a">Given a family Z = { · Z Q } of norms or quasi-norms with uniformly bounded&#xd;
triangle inequality constants, where each Q is a cube in Rn, we provide an abstract&#xd;
estimate of the form&#xd;
 f − fQ,μZ Q ≤ c(μ)ψ(Z) f BMO(dμ)&#xd;
for every function f ∈ BMO(dμ), where μ is a doubling measure in Rn and c(μ)&#xd;
and ψ(Z) are positive constants depending on μ and Z, respectively. That abstract&#xd;
scheme allows us to recover the sharp estimate&#xd;
 f − fQ,μL p&#xd;
&#xd;
Q, dμ(x)&#xd;
μ(Q)&#xd;
 ≤ c(μ)p f BMO(dμ), p ≥ 1&#xd;
for every cube Q and every f ∈ BMO(dμ), which is known to be equivalent to&#xd;
the John–Nirenberg inequality, and also enables us to obtain quantitative counterparts when L p is replaced by suitable strong and weak Orlicz spaces and L p(·)&#xd;
spaces. Besides the aforementioned results we also generalize [(Ombrosi in Isr J Math 238:571-591, 2020), Theorem 1.2] to the setting of doubling measures and obtain a new characterization of Muckenhoupt’s A∞ weights</subfield>
   </datafield>
   <datafield ind1="8" ind2=" " tag="024">
      <subfield code="a">Cite this article Martínez-Perales, J.C., Rela, E. &amp; Rivera-Ríos, I.P. Quantitative John–Nirenberg inequalities at different scales. Rev Mat Complut (2022). https://doi.org/10.1007/s13163-022-00427-0</subfield>
   </datafield>
   <datafield ind1="8" ind2=" " tag="024">
      <subfield code="a">https://hdl.handle.net/10630/24649</subfield>
   </datafield>
   <datafield ind1="8" ind2=" " tag="024">
      <subfield code="a">https://doi.org/10.1007/s13163-022-00427-0</subfield>
   </datafield>
   <datafield tag="653" ind2=" " ind1=" ">
      <subfield code="a">Desigualdades isoperimétricas</subfield>
   </datafield>
   <datafield ind2="0" ind1="0" tag="245">
      <subfield code="a">Quantitative John–Nirenberg inequalities at different scales</subfield>
   </datafield>
</record>
</metadata></record></GetRecord></OAI-PMH>